Las mil y una noches / (Record no. 104342)

MARC details
000 -LEADER
campo de control de longitud fija 00521nam a2200169 i 4500
001 - NÚMERO DE CONTROL
campo de control 104342
003 - IDENTIFICADOR DE NÚMERO DE CONTROL
campo de control ES-MaACL
005 - FECHA Y HORA DE LA ÚLTIMA TRANSACCIÓN
campo de control 20230906183557.0
007 - CAMPO FIJO DE DESCRIPCIÓN FÍSICA--INFORMACIÓN GENERAL
campo de control de longitud fija t|
008 - DATOS DE LONGITUD FIJA--INFORMACIÓN GENERAL
campo de control de longitud fija 051128s1969 sp ||||1| spa d
130 #4 - ENTRADA PRINCIPAL--TÍTULO UNIFORME
Título uniforme Las mil y una noches.
Lenguaje de la obra Español.
9 (RLIN) 122464
245 14 - MENCIÓN DEL TÍTULO
Título Las mil y una noches /
Mención de responsabilidad, etc. Anónimo; adaptación Luis Cayón Fernández.
260 ## - PUBLICACIÓN, DISTRIBUCIÓN, ETC.
Lugar de publicación, distribución, etc. Madrid :
Nombre del editor, distribuidor, etc. Librería Universal,
Fecha de publicación, distribución, etc. 1969.
300 ## - DESCRIPCIÓN FÍSICA
Extensión 133 p. ;
Dimensiones 17 cm.
700 1# - ENTRADA AGREGADA--NOMBRE PERSONAL
Nombre de persona Cayón Fernández, Luis.
9 (RLIN) 37213
852 ## - LOCALIZACIÓN
Ubicación ES-MaACL
Número de control de estantería C-53566
Sublocalización o colección R.72283
Holdings
Estatus retirado Estado de pérdida Estado de daño No para préstamo Biblioteca de origen Biblioteca actual Ubicación en estantería Fecha de adquisición Fuente de adquisición Total de préstamos Signatura topográfica completa Código de barras Visto por última vez Precio de reemplazo Tipo de ítem Koha
        Biblioteca del Ateneo de Madrid Biblioteca del Ateneo de Madrid Depósito 2 17/01/2008     C-53566 1108944 23/02/2023 23/02/2023 Libro impreso